000 01528nam a22004217a 4500
001 000095801
003 CHAP
005 20220329143125.0
008 060525d2006 mx r 00110 spa d
010 _a92267
011 _a93239
035 _a103811
040 _cCHAP
090 _aTesis
100 1 _aGarcía Solorzano, Roberto.
_946656
245 1 0 _aHabilitación de una bodega para acopio de sorgo en el municipio de Izucar de Matamoros, Puebla /
_c/por Roberto Gracía Solorzano.
260 _aChapingo, Méx. :
_bEl autor,
_c2006.
300 _a99 h.
502 _aTesis (Ing. Agr. Esp. en Industrias Agrícolas) - - UACH. Departamento de Ingeniería Agroindustrial
590 _aALEPH
_b10
_c20130110
_lUCH01
_h1512
590 _aBATCH-UPD
_b10
_c20130110
_lUCH01
_h0521
590 _aBATCH-UPD
_b10
_c20130410
_lUCH01
_h0200
590 _aBATCH-UPD
_b10
_c20130914
_lUCH01
_h1530
590 _aBATCH-UPD
_b10
_c20140324
_lUCH01
_h1457
590 _aBATCH-UPD
_b10
_c20141002
_lUCH01
_h0830
590 _aCONVERSION
_b10
_c20130109
_lUCH01
_h1351
590 _aE5765TAJ
_b10
_c20130611
_lUCH01
_h1227
650 1 4 _aProyectos industriales.
_992531
650 1 4 _aSorgo
_xAlmacenamiento.
_9108626
650 1 4 _aSorgo
_xPuebla.
_9108713
856 _3Finding aid
_uhttp://10.13.5.2/tesis/103811.pdf
_zTeclea aquí
901 _aBK
905 _aLilia
942 _cCD
942 _n0
949 _aTesis
_bBC
_cTES
_d33724000988168
_eTS1
_h45266
_i103811
_sb
949 _aTesis
_bBC
_cTES
_d33724000988226
_eTS2
_fc.2
_h45267
_i103811
_sb
999 _c92267
_d92267